000 00877nam2a22002171 4500
001 RU\NLR\A1SV\100405
005 20251203152403.2
035 _a(NLR Aleph) 009781758
090 _a13485627
_c13485627
100 _a20091224d1923 u y0rusy50 ca
101 0 _arus
200 0 _aВып.1
210 _d1923
215 _a[4], VII, [1], 202 с.
461 1 _1001RU\NLR\A1SV\11925
_12000#$aОбщая ботаника$fПроф. Б.А.Келлер$vВып.1
_1700#1$aКеллер$bБ.А.$f1874-1945$gБорис Александрович
_99766179
_aКеллер, Б.А. (1874-1945)
_cВоронеж
_d1923-1924
_fПроф. Б.А.Келлер
_nРед.-изд. ком. Наркомзема Среднечернозем. обл.
_tОбщая ботаника
_vВып.1
801 0 _aRU
_bNLR
_c20091224
852 _aNLR
_j5/94
942 _cBOOK
980 _aA1SV
980 _aNB